000 00811nam a2200205Ii 4500
003 JO-AjNU
008 230605s9999||||xx |||||||||||||| ||und||
017 _a2012/4/1510
040 _aJO-AjNU
_bara
_erda
_cJO-AjNU
041 _aara
050 1 4 _aKZ6310.A22 2012
100 3 _aتاليف عباسي، علا غازي,
_eauthor
_947242
245 0 0 _aالمحاكم الجنائية الدولية الخاصة نموذج جديد في القضاء الدولي الجنائي: دراسة مقارنة
264 3 1 _aعمان: وزارة الثقافة، 2012
300 _a250ص
336 _atext
_btxt
_2rdacontent
337 _aunmediated
_bn
_2rdamedia
338 _avolume
_bnc
_2rdacarrier
650 4 _aالقانون الدولي الجنائي - المحاكم الجنائية الدولية
_947243
999 _aA20609
_c24177
_d24177